Quiz wiedzy ogólnej #6 - Statystyki

Ogólne statystyki
  • Ten quiz został rozwiązany 3 942 razy
  • Średni wynik to 7 z 20
Statystyki odpowiedzi
Pytanie Odpowiedź % Poprawnych
Inaczej: wyraz bliskoznaczny Synonim
92%
Jaka duża pustynia znajduje się w Chinach i Mongolii? Gobi
68%
W jakim kraju Nefertiti była królową? Egipt
63%
Zgodnie z Biblią, Jezus narodził się w Betlejem. Ale w jakim mieście dorastał? Nazaret
60%
Jaka nagroda jest przyznawana najlepszemu strzelcowi na Mistrzostwach Świata? Złoty But
54%
W jakiej czynności ktoś może być "en pointe", czyli stać na samych czubkach palców u stóp? Balet
49%
Liczby 8, 27, 64 i 125 to kolejno ____ liczb 2, 3, 4 i 5 Sześciany
48%
Co oznacza "domo arigato"? Dziękuję
33%
Jakie mityczne zwierzę nazywane jest Sasquatchem? Wielka Stopa
33%
W skład jakiego zespołu wchodzi will.i.am? Black Eyed Peas
32%
Kto zagrał rolę Belli Swan w filmie "Zmierzch"? Kristen Stewart
30%
Z jakiego państwa pochodzą ciasteczka z wróżbą? Stany Zjednoczone
30%
Jaki słodzik jest zazwyczaj używany w coli dietetycznej? Aspartam
29%
Kto był drugą żoną Henryka VIII? Anna Boleyn
22%
Jaki power-up sprawia, że Mario jest chwilowo niezniszczalny? Gwiazda
22%
W jakim sporcie używa się młotka i bramek? Krokiet
18%
Jak nazywa się trzecie największe miasto w RPA, które rymuje się z nakryciem głowy często spotykanym w Indiach? Durban
14%
Jaki powszechny język jest bardzo podobny do urdu, mimo iż zapisywany jest w innym skrypcie? Hindi
13%
Jaki piosenkarz nosi pseudonim "Godfather of Soul"? James Brown
6%
Jaki pisarz mieszkał w Walden Pond? Henry David Thoreau
4%
Nie znaleziono quizów pasujących do podanych kryteriów
Rozkład punktacji
Procent ludzi z każdym wynikiem
Percentyl według liczby udzielonych odpowiedzi
Twoja historia wyników
Nie rozwiązałeś tego quizu